| 000 | 00732nam a22002417a 4500 | ||
|---|---|---|---|
| 005 | 20230512221823.0 | ||
| 008 | 180321t xxu||||| |||| 00| 0 eng d | ||
| 020 | _a9789715812399 | ||
| 040 | _cCSPC | ||
| 082 | 0 |
_a232.9 _bW582d |
|
| 100 |
_aWhite, Ellen G., _eauthor. |
||
| 245 | 0 | 0 |
_aThe desire of ages _cEllen G. White |
| 260 |
_as.l. _bPhilippine Publishing House. _c2013. |
||
| 300 |
_a664 pages : _bimages, figures ; _c25 cm. |
||
| 500 | _aIncludes Index. | ||
| 650 | 1 | 0 | _aJesus Christ. |
| 650 | 1 | 0 |
_aSeventh Day adventist _xDoctrines. |
| 650 | 1 | 0 | _aTheology, Doctrinal. |
| 940 | _aM | ||
| 942 |
_cBOOK _jCIR 232.9 W582d 2013 |
||
| 999 |
_c3016 _d3016 |
||